[Event "Julius Baer GenCup Pl/In"]
[Site "Chess.com INT"]
[Date "2024.09.25"]
[Round "1"]
[White "Frolyanov, Dmitry"]
[Black "Fressinet, Laurent"]
[Result "1/2-1/2"]
[WhiteElo "2479"]
[BlackElo "2616"]
[PlyCount "93"]
[EventDate "2024.09.25"]
[EventType "swiss (rapid)"]
[EventRounds "9"]
[EventCountry "GER"]
[SourceTitle "EXT 2025"]
[Source "ChessBase"]
[SourceDate "2024.10.14"]
[SourceVersion "1"]
[SourceVersionDate "2024.10.14"]
[SourceQuality "1"]

1. d4 Nf6 2. c4 e6 3. Nf3 d5 4. g3 Be7 5. Bg2 0-0 6. 0-0 c6 7. Nbd2 b6 8. Qc2 c5 9. dxc5 bxc5 10. e4 Nc6 11. a3 Bb7 12. Re1 dxe4 13. Nxe4 Nxe4 14. Qxe4 Bf6 15. Be3 Qc7 16. Ng5 Bxg5 17. Bxg5 Na5 18. Qg4 f5 19. Qe2 Rfe8 20. Bf4 Qf7 21. Bxb7 Qxb7 22. Be5 Nc6 23. Rad1 Rad8 24. Rxd8 Rxd8 25. Bc3 Re8 26. Rd1 Qc7 27. Qe3 Qe7 28. Qf3 Rc8 29. h4 h6 30. Qe3 a5 31. Re1 Re8 32. Qf3 Qc7 33. Qe3 Qe7 34. Qf3 Qd6 35. Rd1 Nd4 36. Bxd4 cxd4 37. b4 axb4 38. axb4 Qxb4 39. Qc6 Re7 40. Rxd4 Kh7 41. Rd8 Qb1+ 42. Kg2 Qb7 43. Qxb7 Rxb7 44. Rd6 Rc7 45. Rxe6 Rxc4 46. Re5 Kg6 47. Re6+ 1/2-1/2

[Event "Satka Magnezit Group Cup"]
[Site "Satka"]
[Date "2024.08.29"]
[Round "2"]
[White "Vlasenko, Miroslav"]
[Black "Frolyanov, Dmitry"]
[Result "1-0"]
[WhiteElo "2347"]
[BlackElo "2479"]
[PlyCount "77"]
[EventDate "2024.08.28"]
[EventType "swiss"]
[EventRounds "9"]
[EventCountry "RUS"]
[SourceTitle "EXT 2025"]
[Source "ChessBase"]
[SourceDate "2024.10.14"]
[SourceVersion "1"]
[SourceVersionDate "2024.10.14"]
[SourceQuality "1"]

1. d4 Nf6 2. Nf3 d5 3. Bf4 c5 4. e3 Nc6 5. Nbd2 Nh5 6. dxc5 Nxf4 7. exf4 g6 8. c3 Bh6 9. Qa4 0-0 10. Bb5 Bd7 11. 0-0 Qc7 12. g3 Bg7 13. Rfe1 Rfd8 14. Nb3 b6 15. Rad1 e6 16. Nfd4 Nxd4 17. cxd4 Bxb5 18. Qxb5 Rdb8 19. Re2 a5 20. Qd3 a4 21. cxb6 Rxb6 22. Nc5 Qa7 23. a3 Rab8 24. Rdd2 Rb5 25. Rc2 Bf8 26. Qe3 Bg7 27. Red2 Bf8 28. Kg2 Bg7 29. Qe2 Bf8 30. Nd3 Rb3 31. Ne5 Qb7 32. h4 Qb5 33. Qd1 Bd6 34. Qc1 Bxe5 35. fxe5 Rd3 36. Rc5 Qb3 37. Rdc2 Kg7 38. Qf4 Rd1 39. h5 1-0

[Event "Satka Magnezit Group Cup"]
[Site "Satka"]
[Date "2024.08.28"]
[Round "1"]
[White "Frolyanov, Dmitry"]
[Black "Voskanyan, Argisht"]
[Result "1-0"]
[WhiteElo "2479"]
[BlackElo "2161"]
[PlyCount "149"]
[EventDate "2024.08.28"]
[EventType "swiss"]
[EventRounds "9"]
[EventCountry "RUS"]
[SourceTitle "EXT 2025"]
[Source "ChessBase"]
[SourceDate "2024.10.14"]
[SourceVersion "1"]
[SourceVersionDate "2024.10.14"]
[SourceQuality "1"]

1. d4 f5 2. g3 Nf6 3. Bg2 g6 4. Nd2 Bg7 5. e4 fxe4 6. Nxe4 Nxe4 7. Bxe4 d5 8. Bg2 Nc6 9. Nf3 Bg4 10. c3 Qd7 11. h3 Bf5 12. Nh4 Be4 13. f3 Bf5 14. g4 Be6 15. f4 0-0-0 16. Be3 Bf6 17. Nf3 h5 18. g5 Bg7 19. Nh4 Bf5 20. Nxf5 Qxf5 21. Qd2 e6 22. 0-0-0 Qf7 23. Kb1 Ne7 24. Qf2 Nf5 25. Bc1 Rhe8 26. Rhe1 Kb8 27. Bf1 Bf8 28. Bd3 Bd6 29. Qc2 c6 30. Re2 Re7 31. Rde1 Rg8 32. a4 Ng3 33. Rf2 Ree8 34. Ka2 Nf5 35. b3 Qd7 36. Ba3 Bc7 37. Qd2 a6 38. Bc5 Qf7 39. Rb1 b6 40. Ba3 Kb7 41. Qe2 Ra8 42. Re1 Rge8 43. Qc2 Qd7 44. Bc1 Bd6 45. Ba3 Bc7 46. Qd1 Rad8 47. Qf3 Qf7 48. Kb2 Ra8 49. Qe2 Qd7 50. Qc2 Qf7 51. Bb4 Rad8 52. Ra1 Ra8 53. Qd2 Qg7 54. Bc2 Rac8 55. Qd3 Bb8 56. a5 b5 57. Bc5 Bc7 58. Qd2 Qf7 59. Bd3 Qg7 60. b4 Qf7 61. Re1 Ra8 62. Rff1 Rac8 63. Qf2 Ra8 64. Re2 Kc8 65. Rfe1 Kd7 66. Re5 Rac8 67. Qe2 Bxe5 68. Qxe5 Qg7 69. Qxg7+ Nxg7 70. Bxg6 Rb8 71. Bf7 Rbc8 72. Kc2 Rb8 73. Kd3 Rbc8 74. Re5 Rb8 75. Kd2 1-0

[Event "CrunchLab Masters PlayIn"]
[Site "Chess.com INT"]
[Date "2024.07.17"]
[Round "7"]
[White "Frolyanov, Dmitry"]
[Black "Pranav, V."]
[Result "0-1"]
[WhiteElo "2491"]
[BlackElo "2620"]
[PlyCount "162"]
[EventDate "2024.07.17"]
[EventType "swiss (rapid)"]
[EventRounds "9"]
[EventCountry "USA"]
[SourceTitle "CBM 221 Extra"]
[Source "ChessBase"]
[SourceDate "2024.09.30"]
[SourceVersion "1"]
[SourceVersionDate "2024.09.30"]
[SourceQuality "1"]

1. d4 f5 2. g3 Nf6 3. Bg2 e6 4. c4 Be7 5. Nh3 0-0 6. 0-0 d6 7. Nc3 e5 8. dxe5 dxe5 9. Nd5 c6 10. Nxe7+ Qxe7 11. b3 Na6 12. Bb2 f4 13. gxf4 Bxh3 14. Bxh3 exf4 15. Kh1 Rad8 16. Qc2 Ne4 17. Bg2 Rd2 18. Ba3 Qxa3 19. Qxe4 Qd6 20. Rg1 Nc5 21. Qf3 Qe5 22. b4 Ne6 23. Rae1 Nd4 24. Qc3 Rc2 25. Qd3 Rxe2 26. Rxe2 Nxe2 27. Rd1 Nc3 28. Rg1 g6 29. Bf3 Re8 30. Kg2 Kg7 31. a3 Re7 32. Rc1 Na4 33. c5 Nb2 34. Qd2 Qg5+ 35. Kh1 Qe5 36. Kg2 a5 37. h4 axb4 38. axb4 Qf6 39. Qc2 Rd7 40. Be4 f3+ 41. Bxf3 Nd3 42. Rd1 Nf4+ 43. Kg3 Rf7 44. Qe4 Qc3 45. Qd4+ Qxd4 46. Rxd4 Ne6 47. Rd6 Nc7 48. h5 Nb5 49. Rd3 Nc7 50. hxg6 hxg6 51. Be4 Ne6 52. f3 Kf6 53. Rd6 Ke7 54. Rd3 Rf8 55. Re3 Kf6 56. Rb3 Rb8 57. Rc3 Rc8 58. Rd3 Rd8 59. Re3 Nd4 60. Re1 Ne6 61. Re3 Nc7 62. Rb3 Rd4 63. Rb2 Nb5 64. Rb3 Nc7 65. Rb2 g5 66. Kf2 Ke5 67. Ke3 Rc4 68. Bd3 Nd5+ 69. Kd2 Rxb4 70. Ra2 Kd4 71. Be4 Nc3 72. Ra8 Nxe4+ 73. fxe4 Kxe4 74. Rg8 Kf4 75. Rg7 g4 76. Rf7+ Kg3 77. Rg7 Kf3 78. Kc3 Rb5 79. Rf7+ Kg2 80. Kd4 g3 81. Rg7 Kf2 0-1

[Event "RUS-ch Higher League 74th"]
[Site "Nizhnij Novgorod"]
[Date "2024.07.05"]
[Round "9"]
[White "Grebnev, Aleksey"]
[Black "Frolyanov, Dmitry"]
[Result "1/2-1/2"]
[WhiteElo "2540"]
[BlackElo "2498"]
[PlyCount "63"]
[EventDate "2024.06.26"]
[EventType "swiss"]
[EventRounds "9"]
[EventCountry "RUS"]
[SourceTitle "EXT 2025"]
[Source "ChessBase"]
[SourceDate "2024.10.14"]
[SourceVersion "1"]
[SourceVersionDate "2024.10.14"]
[SourceQuality "1"]

1. c4 e5 2. Nc3 Nf6 3. Nf3 Nc6 4. e3 Bb4 5. Qc2 Bxc3 6. Qxc3 Qe7 7. d3 d5 8. cxd5 Nxd5 9. Qb3 Qb4+ 10. Bd2 Qxb3 11. axb3 f6 12. Rc1 a5 13. Be2 Ndb4 14. Bxb4 axb4 15. d4 exd4 16. Nxd4 Nxd4 17. exd4 Kd8 18. Kd2 Ra2 19. Rb1 Bf5 20. Bd3 Bxd3 21. Kxd3 Re8 22. Rhc1 Ra5 23. Re1 Rxe1 24. Rxe1 Kd7 25. Kc4 Ra2 26. Rb1 Ra6 27. Re1 Rc6+ 28. Kd3 Rd6 29. Rd1 Ra6 30. Rc1 Ra2 31. Rb1 Ra6 32. Ke4 1/2-1/2

[Event "RUS-ch Higher League 74th"]
[Site "Nizhnij Novgorod"]
[Date "2024.06.27"]
[Round "2"]
[White "Frolyanov, Dmitry"]
[Black "Gogolev, Artem"]
[Result "1/2-1/2"]
[WhiteElo "2498"]
[BlackElo "2253"]
[PlyCount "55"]
[EventDate "2024.06.26"]
[EventType "swiss"]
[EventRounds "9"]
[EventCountry "RUS"]
[SourceTitle "EXT 2025"]
[Source "ChessBase"]
[SourceDate "2024.10.14"]
[SourceVersion "1"]
[SourceVersionDate "2024.10.14"]
[SourceQuality "1"]

1. e4 c6 2. Nc3 d5 3. Nf3 dxe4 4. Nxe4 Nf6 5. Qe2 Nxe4 6. Qxe4 Nd7 7. d4 Nf6 8. Qd3 Bg4 9. Ne5 Bh5 10. Bd2 e6 11. c3 Bd6 12. Qh3 Qc7 13. Nc4 Bg6 14. Nxd6+ Qxd6 15. Be2 0-0 16. 0-0 e5 17. f4 exf4 18. Bxf4 Qd5 19. Bd1 Qb5 20. Bb3 a5 21. c4 Qb6 22. c5 Qb4 23. Qc3 Nd5 24. Bxd5 Qxc3 25. Bxf7+ Bxf7 26. bxc3 Bc4 27. Rf2 a4 28. Rb1 1/2-1/2

[Event "Chess.com Classic Play In"]
[Site "Chess.com INT"]
[Date "2024.05.08"]
[Round "5"]
[White "Chigaev, Maksim"]
[Black "Frolyanov, Dmitry"]
[Result "1-0"]
[WhiteElo "2647"]
[BlackElo "2499"]
[PlyCount "65"]
[EventDate "2024.05.08"]
[EventType "swiss (rapid)"]
[EventRounds "9"]
[EventCountry "USA"]
[SourceTitle "CBM 220 Extra"]
[Source "ChessBase"]
[SourceDate "2024.07.31"]
[SourceVersion "1"]
[SourceVersionDate "2024.07.31"]
[SourceQuality "1"]

1. c4 e6 2. g3 d5 3. Bg2 Nf6 4. Nf3 dxc4 5. 0-0 a6 6. Qc2 Nbd7 7. a4 Rb8 8. Qxc4 b5 9. Qc2 Bb7 10. Nc3 Be7 11. axb5 Bxf3 12. Bxf3 axb5 13. d4 0-0 14. Rd1 h6 15. Be3 Bd6 16. Qb3 e5 17. dxe5 Nxe5 18. Bg2 b4 19. Na4 Nfg4 20. Ba7 Rb5 21. h3 Ra5 22. Bc5 Rxc5 23. Nxc5 Nxf2 24. Nb7 Nxd1 25. Nxd8 Bc5+ 26. Kh2 Ne3 27. Nc6 N3g4+ 28. hxg4 Nxg4+ 29. Kh1 Nf2+ 30. Kg1 Ng4+ 31. e3 Bxe3+ 32. Kf1 Re8 33. Ra8 1-0

[Event "Chess.com Classic Play In"]
[Site "Chess.com INT"]
[Date "2024.05.08"]
[Round "1"]
[White "Frolyanov, Dmitry"]
[Black "Deac, Bogdan Daniel"]
[Result "1-0"]
[WhiteElo "2499"]
[BlackElo "2693"]
[PlyCount "196"]
[EventDate "2024.05.08"]
[EventType "swiss (rapid)"]
[EventRounds "9"]
[EventCountry "USA"]
[SourceTitle "CBM 220 Extra"]
[Source "ChessBase"]
[SourceDate "2024.07.31"]
[SourceVersion "1"]
[SourceVersionDate "2024.07.31"]
[SourceQuality "1"]

1. d4 Nf6 2. c4 e6 3. Nf3 d5 4. g3 dxc4 5. Bg2 Nc6 6. 0-0 Rb8 7. Nc3 a6 8. e4 Be7 9. d5 Nb4 10. Ne5 exd5 11. exd5 Nd3 12. Nxd3 cxd3 13. Qxd3 0-0 14. Bf4 Bd6 15. Bxd6 cxd6 16. Rfe1 Qb6 17. Ne4 Nxe4 18. Bxe4 g6 19. Qd2 Bd7 20. h4 h5 21. Re3 Rbe8 22. Rae1 Re5 23. Bf3 Rxe3 24. Rxe3 Re8 25. Rxe8+ Bxe8 26. b4 Qd8 27. Qd4 Qe7 28. Kg2 Bb5 29. Be4 Kh7 30. a3 Kg8 31. Kh2 Qe8 32. Bg2 Qe7 33. Qb6 Kg7 34. Qd4+ Qe5 35. Qb6 Qe7 36. Qd4+ Qf6 37. Qb6 Kg8 38. Qe3 Kf8 39. Qb6 Qe7 40. Qd4 Kg8 41. Qb6 Bd3 42. a4 Bf5 43. a5 Bg4 44. Qd4 Bd7 45. Qb6 Bg4 46. Qd4 Bf5 47. Qf4 Kf8 48. Qd4 Ke8 49. Qh8+ Qf8 50. Qc3 Kd7 51. b5 axb5 52. Bf1 Qe7 53. Bxb5+ Kd8 54. Qh8+ Kc7 55. Qd4 Kb8 56. Qb6 Qc7 57. Qd4 Qxa5 58. Bf1 Qc5 59. Qd2 b5 60. Kg1 b4 61. Qb2 Qc3 62. Qe2 Qc7 63. Qb5+ Qb7 64. Qe8+ Bc8 65. Qf8 Qb6 66. Qxf7 Bf5 67. Qf8+ Ka7 68. Qe7+ Kb8 69. Qf8+ Bc8 70. Bh3 b3 71. Qxc8+ Ka7 72. Qd7+ Kb8 73. Qc8+ Ka7 74. Qc1 b2 75. Qb1 Qd4 76. Bf1 Qd2 77. Bd3 Qc1+ 78. Kg2 Qd2 79. Bxg6 Qxd5+ 80. Be4 Qd2 81. Qa2+ Kb6 82. Qb3+ Kc5 83. Bf3 d5 84. Bxh5 Qb4 85. Qc2+ Kd6 86. Bg6 d4 87. h5 Qc3 88. Bd3 Ke7 89. h6 Kf6 90. h7 Kg7 91. Qe2 Qc6+ 92. Be4 Qe6 93. Qd3 Qe5 94. Qc2 Qe7 95. Qc6 Qf7 96. Qc8 Qe7 97. h8Q+ Kf7 98. Qhg8+ Kf6 1-0

[Event "Chess.com Classic Play In"]
[Site "Chess.com INT"]
[Date "2024.05.08"]
[Round "4"]
[White "Frolyanov, Dmitry"]
[Black "Hakobyan, Aram"]
[Result "0-1"]
[WhiteElo "2499"]
[BlackElo "2617"]
[PlyCount "86"]
[EventDate "2024.05.08"]
[EventType "swiss (rapid)"]
[EventRounds "9"]
[EventCountry "USA"]
[SourceTitle "CBM 220 Extra"]
[Source "ChessBase"]
[SourceDate "2024.07.31"]
[SourceVersion "1"]
[SourceVersionDate "2024.07.31"]
[SourceQuality "1"]

1. d4 Nf6 2. c4 e6 3. Nf3 d5 4. g3 Be7 5. Bg2 0-0 6. 0-0 dxc4 7. Qc2 a6 8. a4 Bd7 9. Qxc4 Bc6 10. Bg5 Nbd7 11. Nc3 h6 12. Bxf6 Nxf6 13. Rfe1 Bd5 14. Qd3 Bxf3 15. Bxf3 c6 16. Rad1 Qb6 17. e4 Rfd8 18. h4 e5 19. d5 Bc5 20. Qe2 Bd4 21. Kg2 Rd6 22. dxc6 bxc6 23. Rd2 Rad8 24. Red1 a5 25. Qc4 Nd7 26. Ne2 Qc5 27. Qb3 Rb8 28. Qc2 Rb4 29. Nxd4 Rdxd4 30. Bg4 Rxa4 31. Qxa4 Rxa4 32. Rxd7 Rd4 33. Rd8+ Kh7 34. h5 Rxd1 35. Rxd1 Qb6 36. Rd7 Kg8 37. Be2 Qb4 38. Rd8+ Kh7 39. Bd3 g6 40. Rd7 Kg7 41. hxg6 Kxg6 42. Rc7 Qb6 43. Rd7 Qb4 0-1

[Event "Titled Tuesday intern op 03rd Oct Early"]
[Site "Chess.com INT"]
[Date "2023.10.03"]
[Round "1"]
[White "Subervi Nunez, Jonathan Sigfredo"]
[Black "Frolyanov, Dmitry"]
[Result "0-1"]
[WhiteElo "2019"]
[BlackElo "2485"]
[PlyCount "66"]
[EventDate "2023.10.03"]
[EventType "swiss (blitz)"]
[EventRounds "11"]
[EventCountry "USA"]
[SourceTitle "EXT 2025"]
[Source "ChessBase"]
[SourceDate "2024.10.14"]
[SourceVersion "1"]
[SourceVersionDate "2024.10.14"]
[SourceQuality "1"]

1. e4 e5 2. Nf3 Nf6 3. Nxe5 d6 4. Nf3 Nxe4 5. d4 d5 6. Bd3 Bd6 7. 0-0 0-0 8. Nbd2 Bf5 9. Re1 Re8 10. Nf1 Nd7 11. Ng3 Bg6 12. c3 c6 13. Be3 Qc7 14. Bf1 f5 15. Bc1 Ndf6 16. Nh4 Ng4 17. Re2 Nexf2 18. Rxf2 Bxg3 19. hxg3 Qxg3 20. Qxg4 Qxg4 21. Nf3 Re4 22. Bd2 Rae8 23. Bd3 f4 24. Ne5 R4xe5 25. Bxg6 hxg6 26. dxe5 g5 27. Re1 Qf5 28. Rfe2 g4 29. Rf1 f3 30. gxf3 gxf3 31. Ref2 Qg4+ 32. Kh2 Rxe5 33. Rxf3 Rh5+ 0-1